|
|
|
|
| LEADER |
00000cam a2200000 7i4500 |
| 001 |
0000058836 |
| 005 |
20220105105403.0 |
| 008 |
160114 |
| 020 |
|
|
|a 9832316502
|
| 090 |
0 |
0 |
|a CT
|b MAL
|
| 100 |
1 |
|
|a Ghazali Lateh
|
| 245 |
1 |
0 |
|a Sahabat sejati
|c Ghazali Lateh
|
| 260 |
|
|
|a Kuala Lumpur :
|b Penerbitan PCT ,
|c 2001
|
| 300 |
|
|
|a 54pg. :
|b ill.
|
| 490 |
0 |
|
|a Siri mitos legenda
|
| 500 |
|
|
|a Children ages 7-9 years old (orange)
|
| 650 |
|
0 |
|a Children's stories, Malay
|
| 999 |
|
|
|a 0000004133
|b Book
|c Children Collection
|e Cawangan Taman Universiti
|
| 999 |
|
|
|a 0000004134
|b Book
|c Children Collection
|e Cawangan Taman Universiti
|
| 999 |
|
|
|a 0000004135
|b Book
|c Children Collection
|e Cawangan Taman Universiti
|
| 999 |
|
|
|a 0001051272
|b Book
|c Children Collection
|e Cawangan Tangkak
|
| 999 |
|
|
|a 0001051273
|b Book
|c Children Collection
|e Cawangan Taman Universiti
|